Países que terminan con la letra i - Estadísticas

Estadísticas generales
  • Esta prueba ha sido intentada 198 veces
  • La puntuación promedio es 5 de 8
Estadísticas de respuestas
Paises % Correcto
Fiyi
75%
Haiti
70%
Mali
67%
Kiribati
63%
Burundi
58%
Brunei
55%
Yibuti
55%
Malaui
51%
No se encontraron pruebas coincidentes
Distribución de puntuación
Porcentaje de gente con cada puntuación
Porcentaje por número respondido
Historial de tus puntuaciones
No has intentado esta prueba.